[Event "33. Torneo Internacional La Roda "]
[Site "La Roda ESP"]
[Date "2006.04.13"]
[Round "2.5"]
[White "Cicak, Slavko"]
[Black "Lorenzo Duran, Marcos"]
[Result "1-0"]
[WhiteElo "2506"]
[BlackElo "2190"]
[PlyCount "25"]
[EventDate "2006.04.12"]
[EventType "swiss"]
[EventRounds "9"]
[EventCountry "ESP"]
[Source "lmi"]
[SourceDate "2006.04.15"]

1. e4 e6 2. Nf3 d5 3. e5 Ne7 4. c3 c5 5. Na3 Nbc6 6. d4 cxd4 7. cxd4 Nf5 8. Nc2
Qb6 9. Bd3 Nb4 10. Nxb4 Bxb4+ 11. Kf1 O-O 12. g4 Ne7 13. a3 1-0

[Event "33. Torneo Internacional La Roda "]
[Site "La Roda ESP"]
[Date "2006.04.13"]
[Round "2.6"]
[White "Castellanos, Renier"]
[Black "Villalba, Pere"]
[Result "1-0"]
[WhiteElo "2467"]
[BlackElo "2181"]
[PlyCount "49"]
[EventDate "2006.04.12"]
[EventType "swiss"]
[EventRounds "9"]
[EventCountry "ESP"]
[Source "lmi"]
[SourceDate "2006.04.15"]

1. e4 g6 2. d4 Bg7 3. Nc3 c6 4. Be3 d6 5. Qd2 b5 6. Bd3 a6 7. h3 Nd7 8. a4 b4
9. Nce2 a5 10. Nf3 Ngf6 11. Bh6 O-O 12. e5 Nd5 13. h4 dxe5 14. h5 Nf4 15. Bxg7
Kxg7 16. Nxf4 exf4 17. Qxf4 Rh8 18. O-O-O Nf6 19. Ne5 Be6 20. Nxc6 Qd7 21. Bb5
Qb7 22. h6+ Kf8 23. Rhe1 Nd5 24. Qf3 Kg8 25. Re5 1-0

[Event "33. Torneo Internacional La Roda "]
[Site "La Roda ESP"]
[Date "2006.04.13"]
[Round "2.7"]
[White "Bellon Lopez, Juan Manuel"]
[Black "Fernandez, Victor"]
[Result "0-1"]
[WhiteElo "2440"]
[BlackElo "2176"]
[PlyCount "58"]
[EventDate "2006.04.12"]
[EventType "swiss"]
[EventRounds "9"]
[EventCountry "ESP"]
[Source "lmi"]
[SourceDate "2006.04.15"]

1. d4 Nf6 2. Bg5 Ne4 3. Bh4 c5 4. f3 g5 5. fxe4 gxh4 6. e3 Bh6 7. Nd2 d5 8. Qh5
Bxe3 9. exd5 Nd7 10. Nc4 Nf6 11. Qxh4 cxd4 12. Nxe3 Qa5+ 13. c3 dxe3 14. Nf3
Nxd5 15. Bc4 Be6 16. Nd4 Nxc3 17. Bxe6 Nd5+ 18. Kf1 fxe6 19. Kg1 Kd7 20. Qe4
Qa6 21. g3 Rhf8 22. Rd1 Rf6 23. h4 Rg8 24. Rh2 Rxg3+ 25. Kh1 Rf4 26. Qe5 Qd6
27. Qh5 Rf2 28. Nb5 Qc6 29. Nc3 Qc4 0-1

[Event "33. Torneo Internacional La Roda "]
[Site "La Roda ESP"]
[Date "2006.04.13"]
[Round "2.8"]
[White "Jimenez Martinez, Jose Vicente"]
[Black "Saldaño, Horacio"]
[Result "0-1"]
[WhiteElo "2178"]
[BlackElo "2440"]
[PlyCount "90"]
[EventDate "2006.04.12"]
[EventType "swiss"]
[EventRounds "9"]
[EventCountry "ESP"]
[Source "lmi"]
[SourceDate "2006.04.15"]

1. d4 e6 2. c4 Bb4+ 3. Bd2 a5 4. Nf3 Nf6 5. a3 Bxd2+ 6. Nfxd2 O-O 7. Nc3 d6 8.
e4 Nc6 9. Nf3 e5 10. d5 Ne7 11. g3 Bg4 12. Bg2 Nd7 13. h3 Bxf3 14. Bxf3 Nc5 15.
Na4 b6 16. Nxc5 bxc5 17. Qa4 f5 18. O-O Kh8 19. Kh2 Qe8 20. Qxe8 Rfxe8 21. b3
Rab8 22. Rab1 Rf8 23. Rb2 Rb6 24. Rfb1 Rfb8 25. h4 g6 26. g4 fxg4 27. Bxg4 c6
28. Be6 cxd5 29. exd5 Kg7 30. Kg3 Nf5+ 31. Bxf5 gxf5 32. Kf3 Kf6 33. Ke3 e4 34.
Kf4 Rg8 35. b4 axb4 36. axb4 Rg4+ 37. Ke3 cxb4 38. Rxb4 Rxb4 39. Rxb4 Ke5 40.
Rb7 f4+ 41. Ke2 Rxh4 42. Re7+ Kd4 43. Re6 f3+ 44. Kd2 Rh2 45. Rxd6 e3+ 0-1

[Event "33. Torneo Internacional La Roda "]
[Site "La Roda ESP"]
[Date "2006.04.13"]
[Round "2.9"]
[White "Minzer, Claudio Javier"]
[Black "Gimeno Higueras, Roberto"]
[Result "1-0"]
[WhiteElo "2432"]
[BlackElo "2165"]
[PlyCount "87"]
[EventDate "2006.04.12"]
[EventType "swiss"]
[EventRounds "9"]
[EventCountry "ESP"]
[Source "lmi"]
[SourceDate "2006.04.15"]

1. Nf3 d5 2. c4 e6 3. g3 Nf6 4. Bg2 Nbd7 5. b3 Bd6 6. Bb2 O-O 7. O-O Qe7 8. Nc3
c6 9. d4 Rd8 10. Qc2 b6 11. e4 dxe4 12. Ng5 Bb7 13. Ncxe4 Ba3 14. Bxa3 Qxa3 15.
c5 Ba6 16. Rfe1 h6 17. Nxf6+ Nxf6 18. Nf3 Rac8 19. Rad1 Nd5 20. Ne5 Rc7 21. Rd2
Qb4 22. Rc1 Rb8 23. Qb2 Bb5 24. h4 Kf8 25. Kh2 Kg8 26. h5 Kf8 27. Bf3 Kg8 28.
Rdd1 Kf8 29. Kg2 Kg8 30. Rd2 Kf8 31. Rdc2 f6 32. cxb6 Rxb6 33. Ng6+ Kf7 34.
Bxd5 exd5 35. Rc5 Ba6 36. Nf4 Re7 37. Rxc6 Bf1+ 38. Kh2 Rxc6 39. Rxc6 Bb5 40.
Rc5 Re4 41. a3 Qe1 42. Rxb5 Qd1 43. Qc3 Re7 44. Qd3 1-0

[Event "33. Torneo Internacional La Roda "]
[Site "La Roda ESP"]
[Date "2006.04.13"]
[Round "2.10"]
[White "Gomez Peco, Pablo"]
[Black "Bertona, Fernando"]
[Result "0-1"]
[WhiteElo "2174"]
[BlackElo "2432"]
[PlyCount "126"]
[EventDate "2006.04.12"]
[EventType "swiss"]
[EventRounds "9"]
[EventCountry "ESP"]
[Source "lmi"]
[SourceDate "2006.04.15"]

1. d4 d5 2. c4 e6 3. cxd5 exd5 4. Nc3 c6 5. Qc2 Bd6 6. Nf3 Bg4 7. Bg5 Ne7 8. e3
Nd7 9. Bd3 Nf8 10. Bh4 Nfg6 11. Bg3 O-O 12. Nh4 Qd7 13. a3 Nxh4 14. Bxh4 Bf5
15. Bg3 Bxd3 16. Qxd3 Nf5 17. Rb1 Rfe8 18. Ne2 Re7 19. O-O Rae8 20. Bxd6 Nxd6
21. Rfc1 Re6 22. Nf4 Rh6 23. Qd1 Nc4 24. Rc3 Qf5 25. a4 Qg5 26. h3 a6 27. Qg4
Qe7 28. b4 b5 29. a5 Rf6 30. Nd3 Rg6 31. Qf4 Qd7 32. Kh1 Rf6 33. Qg4 Qa7 34.
Ne5 Qc7 35. f4 Rfe6 36. e4 dxe4 37. Nxc4 bxc4 38. f5 Rd6 39. Rxc4 Qd7 40. Rbc1
e3 41. f6 Qxg4 42. hxg4 Rxf6 43. Re1 h6 44. Rc3 e2 45. Kg1 Re4 46. Rd3 Rd6 47.
Kf2 Rdxd4 48. Rxd4 Rxd4 49. Rxe2 Rxb4 50. Re8+ Kh7 51. Ra8 Rxg4 52. Rxa6 Ra4
53. Ra8 Ra2+ 54. Kf3 c5 55. a6 c4 56. a7 c3 57. Ke3 h5 58. Kd3 c2 59. Kd2 h4
60. Kc1 g5 61. Kd2 g4 62. Kc1 h3 63. gxh3 gxh3 0-1

[Event "33. Torneo Internacional La Roda "]
[Site "La Roda ESP"]
[Date "2006.04.13"]
[Round "2.11"]
[White "Zambrana, Oswaldo"]
[Black "Martin Blanco, Fernando"]
[Result "1-0"]
[WhiteElo "2425"]
[BlackElo "2154"]
[PlyCount "49"]
[EventDate "2006.04.12"]
[EventType "swiss"]
[EventRounds "9"]
[EventCountry "ESP"]
[Source "lmi"]
[SourceDate "2006.04.15"]

1. e4 e6 2. d4 d5 3. Nd2 Nf6 4. e5 Nfd7 5. Bd3 c5 6. c3 b6 7. Nh3 Ba6 8. Bxa6
Nxa6 9. O-O Nc7 10. Qg4 Nb8 11. Nf4 Nc6 12. Nf3 g6 13. Ne2 h6 14. h4 c4 15. h5
g5 16. Nh2 Qd7 17. f4 gxf4 18. Rxf4 O-O-O 19. Qf3 Rh7 20. Ng4 Ne8 21. Be3 Qe7
22. Rf1 Rd7 23. Qg3 Rb7 24. Nf6 Rh8 25. Rg4 1-0

[Event "33. Torneo Internacional La Roda "]
[Site "La Roda ESP"]
[Date "2006.04.13"]
[Round "2.12"]
[White "Vaya Gomez, Alejandro"]
[Black "Campos, Luis Maria"]
[Result "1/2-1/2"]
[WhiteElo "2167"]
[BlackElo "2420"]
[PlyCount "77"]
[EventDate "2006.04.12"]
[EventType "swiss"]
[EventRounds "9"]
[EventCountry "ESP"]
[Source "lmi"]
[SourceDate "2006.04.15"]

1. c4 c6 2. g3 d5 3. Bg2 Nf6 4. Nf3 Bg4 5. O-O Nbd7 6. cxd5 cxd5 7. d4 e6 8.
Nc3 Bd6 9. Qb3 Qb6 10. Qxb6 Nxb6 11. a4 a6 12. Ne5 Bf5 13. Bf4 Ke7 14. f3 Bxe5
15. dxe5 Nfd7 16. g4 Bg6 17. Bg3 h5 18. h3 hxg4 19. hxg4 Nc4 20. f4 Ne3 21. f5
Nxf1 22. Rxf1 Bh7 23. e4 d4 24. Ne2 Bg8 25. Nxd4 Rd8 26. Rc1 Nb8 27. Bf2 Bh7
28. Bh4+ f6 29. Nxe6 Rc8 30. Rxc8 Rxc8 31. Nxg7 Rc1+ 32. Kh2 Nd7 33. exf6+ Kf7
34. e5 Nxe5 35. Bd5+ Kf8 36. Ne6+ Ke8 37. Ng7+ Kf8 38. Ne6+ Ke8 39. Ng7+
1/2-1/2

[Event "33. Torneo Internacional La Roda "]
[Site "La Roda ESP"]
[Date "2006.04.13"]
[Round "2.13"]
[White "Garcia Romero, Benjamin Abel"]
[Black "Mateo, Ramon"]
[Result "0-1"]
[WhiteElo "2162"]
[BlackElo "2403"]
[PlyCount "122"]
[EventDate "2006.04.12"]
[EventType "swiss"]
[EventRounds "9"]
[EventCountry "ESP"]
[Source "lmi"]
[SourceDate "2006.04.15"]

1. d4 Nf6 2. Nf3 e6 3. c4 c5 4. d5 b5 5. Bg5 d6 6. dxe6 Bxe6 7. cxb5 Be7 8. g3
a6 9. bxa6 Qb6 10. Nc3 O-O 11. Bg2 h6 12. Bxf6 Bxf6 13. Nd5 Bxd5 14. Qxd5 Qxb2
15. O-O Rxa6 16. Nd2 Nd7 17. Nc4 Qxe2 18. Rfe1 Qg4 19. Rab1 Qd4 20. Red1 Qxd5
21. Bxd5 Bd4 22. a3 Nf6 23. Bb7 Ra4 24. Nxd6 Rxa3 25. Nb5 Ra4 26. Nxd4 Rxd4 27.
Rdc1 Nd7 28. Ba6 Rd6 29. Rd1 Rxd1+ 30. Rxd1 Nf6 31. Rd6 Ne4 32. Rc6 Rd8 33. Bb7
Rd1+ 34. Kg2 Nd6 35. Ba6 Rd5 36. Rc7 g5 37. h3 Kg7 38. Bb7 Rd4 39. Kf3 Kf6 40.
Ba6 Ra4 41. Bf1 Ra3+ 42. Ke2 Rc3 43. Bg2 Rc2+ 44. Ke1 Ke6 45. Bf3 Rc3 46. Bh5
c4 47. Be2 Kd5 48. Bd1 Ra3 49. Bc2 Ra2 50. Kd1 h5 51. Re7 Ra3 52. Ke2 h4 53.
gxh4 gxh4 54. Re3 Rxe3+ 55. Kxe3 Ke5 56. Kf3 Kd4 57. Kg4 Kc3 58. Ba4 Ne4 59. f4
Nc5 60. Bc6 Kd2 61. Bd5 c3 0-1

[Event "33. Torneo Internacional La Roda "]
[Site "La Roda ESP"]
[Date "2006.04.13"]
[Round "2.14"]
[White "Baron Rodriguez, Jesus"]
[Black "Martin, Jose Maria"]
[Result "1-0"]
[WhiteElo "2402"]
[BlackElo "2149"]
[PlyCount "57"]
[EventDate "2006.04.12"]
[EventType "swiss"]
[EventRounds "9"]
[EventCountry "ESP"]
[Source "lmi"]
[SourceDate "2006.04.15"]

1. e4 e5 2. Nf3 Nc6 3. Bb5 a6 4. Ba4 Nf6 5. O-O Be7 6. Re1 b5 7. Bb3 O-O 8. d3
d6 9. c3 Na5 10. Bc2 c5 11. Nbd2 Qc7 12. Nf1 Bd7 13. Ng3 Rfc8 14. h3 b4 15. Nh2
d5 16. Ng4 Nxg4 17. hxg4 d4 18. Bd2 Nc6 19. Bb3 bxc3 20. bxc3 dxc3 21. Bxc3 Nd4
22. Nf5 Bf6 23. Bc4 Nxf5 24. exf5 Bb5 25. Qe2 Bxc4 26. dxc4 Re8 27. Qe4 h6 28.
Rad1 Re7 29. Qxa8+ 1-0

[Event "33. Torneo Internacional La Roda "]
[Site "La Roda ESP"]
[Date "2006.04.13"]
[Round "2.15"]
[White "Picazo Lopez, Juan Antonio"]
[Black "Pomes Marcet, Juan"]
[Result "1/2-1/2"]
[WhiteElo "2154"]
[BlackElo "2396"]
[PlyCount "77"]
[EventDate "2006.04.12"]
[EventType "swiss"]
[EventRounds "9"]
[EventCountry "ESP"]
[Source "lmi"]
[SourceDate "2006.04.15"]

1. d4 d5 2. c4 c6 3. cxd5 cxd5 4. Nc3 Nc6 5. Bf4 Nf6 6. e3 e6 7. Bd3 Bd6 8.
Nge2 O-O 9. O-O b6 10. Rc1 Bb7 11. a3 Rc8 12. b4 Bxf4 13. Nxf4 e5 14. dxe5 Nxe5
15. Bf5 Rc4 16. Nd3 Qb8 17. Ne2 Rxc1 18. Ndxc1 Nc4 19. a4 Qe5 20. Nd4 g6 21.
Nd3 Qe7 22. Bh3 Re8 23. Re1 Ne4 24. g3 h5 25. Bg2 h4 26. Qg4 hxg3 27. hxg3 Bc8
28. Qh4 Qd7 29. Ra1 a6 30. Qh6 Qe7 31. Nf4 Bb7 32. Bh3 Nxf2 33. Be6 Qf6 34.
Kxf2 Rxe6 35. Ndxe6 Qb2+ 36. Ne2 Qf6+ 37. N2f4 Qb2+ 38. Ne2 Qf6+ 39. N2f4
1/2-1/2

[Event "33. Torneo Internacional La Roda "]
[Site "La Roda ESP"]
[Date "2006.04.13"]
[Round "2.16"]
[White "Pogorelov, Ruslan"]
[Black "Robles Garcia, Claudia"]
[Result "1-0"]
[WhiteElo "2385"]
[BlackElo "2140"]
[PlyCount "67"]
[EventDate "2006.04.12"]
[EventType "swiss"]
[EventRounds "9"]
[EventCountry "ESP"]
[Source "lmi"]
[SourceDate "2006.04.15"]

1. Nf3 Nf6 2. c4 g6 3. Nc3 d5 4. cxd5 Nxd5 5. Qa4+ Bd7 6. Qb3 Nb6 7. d4 Bg7 8.
e4 O-O 9. Be3 Bg4 10. Rd1 Nc6 11. d5 Ne5 12. Be2 Bxf3 13. gxf3 Qc8 14. h3 c6
15. f4 Ned7 16. Rc1 cxd5 17. Nxd5 Qd8 18. Nxb6 Nxb6 19. O-O Qd7 20. Kg2 Qa4 21.
Qxa4 Nxa4 22. Rc7 b6 23. e5 Nxb2 24. Rxe7 f6 25. Bf3 Rfe8 26. Rxg7+ Kxg7 27.
exf6+ Kf8 28. Bxa8 Rxa8 29. Rc1 Kf7 30. Rc7+ Ke6 31. Bd4 Nd3 32. Re7+ Kd5 33.
f7 Nxf4+ 34. Kh2 1-0

[Event "33. Torneo Internacional La Roda "]
[Site "La Roda ESP"]
[Date "2006.04.13"]
[Round "2.17"]
[White "Vitor, Antonio"]
[Black "Aymerich Rosell, Pablo"]
[Result "1-0"]
[WhiteElo "2371"]
[BlackElo "2137"]
[PlyCount "61"]
[EventDate "2006.04.12"]
[EventType "swiss"]
[EventRounds "9"]
[EventCountry "ESP"]
[Source "lmi"]
[SourceDate "2006.04.15"]

1. b3 e5 2. Bb2 Nc6 3. e3 Nf6 4. Bb5 Bd6 5. a3 O-O 6. g4 a6 7. Bf1 Ne7 8. h4 c6
9. g5 Ne8 10. Nf3 e4 11. Ne5 Bc7 12. d3 f6 13. gxf6 Nxf6 14. Ng4 Ned5 15. Rg1
Qe7 16. Nh6+ Kh8 17. Nf5 Ba5+ 18. Nd2 Qf7 19. b4 Bb6 20. Nc4 g6 21. Nxb6 Nxb6
22. Nd6 Qe6 23. Nxe4 Kg8 24. h5 Nxe4 25. dxe4 Qf7 26. Rg2 Na4 27. hxg6 hxg6 28.
Bd4 d6 29. Rh2 Qe6 30. Rh8+ Kf7 31. Qf3+ 1-0

[Event "33. Torneo Internacional La Roda "]
[Site "La Roda ESP"]
[Date "2006.04.13"]
[Round "2.18"]
[White "Bueno Martin, Pablo"]
[Black "Garcia Fernandez, Carlos"]
[Result "0-1"]
[WhiteElo "2152"]
[BlackElo "2359"]
[PlyCount "84"]
[EventDate "2006.04.12"]
[EventType "swiss"]
[EventRounds "9"]
[EventCountry "ESP"]
[Source "lmi"]
[SourceDate "2006.04.15"]

1. e4 d6 2. d4 Nf6 3. Nc3 e5 4. dxe5 dxe5 5. Qxd8+ Kxd8 6. Bc4 Be6 7. Bxe6 fxe6
8. Be3 Bd6 9. Nh3 Ke7 10. f3 a6 11. Nf2 Nbd7 12. Ke2 b5 13. a4 c6 14. Nd3 Rhb8
15. b3 Rc8 16. Nd1 c5 17. c4 bxc4 18. bxc4 Rab8 19. a5 Kd8 20. Nc3 Kc7 21. Rhb1
Kc6 22. Na4 Ng8 23. Rb2 Rxb2+ 24. Naxb2 Nh6 25. Na4 Rb8 26. Kd1 Nf7 27. Kc2 Nd8
28. Nab2 Kc7 29. Na4 Kc6 30. Nab2 Nb7 31. Nc1 Kc7 32. Nbd3 Rf8 33. Nb3 Kc6 34.
Rd1 Bc7 35. Bd2 h6 36. Bc3 Rf6 37. Rd2 g5 38. Nf2 h5 39. Kd1 Nd6 40. Rxd6+ Bxd6
41. Ke2 Rf8 42. Nd2 Bc7 0-1

[Event "33. Torneo Internacional La Roda "]
[Site "La Roda ESP"]
[Date "2006.04.13"]
[Round "2.19"]
[White "Antoli Royo, Joaquin Miguel"]
[Black "Espinosa Aranda, Angel"]
[Result "1-0"]
[WhiteElo "2352"]
[BlackElo "2114"]
[PlyCount "65"]
[EventDate "2006.04.12"]
[EventType "swiss"]
[EventRounds "9"]
[EventCountry "ESP"]
[Source "lmi"]
[SourceDate "2006.04.15"]

1. e4 c5 2. Nf3 d6 3. d4 cxd4 4. Nxd4 Nf6 5. Nc3 Nc6 6. Bc4 e6 7. Be3 a6 8. O-O
Qc7 9. Bb3 b5 10. f4 b4 11. Na4 Bd7 12. f5 Nxd4 13. Qxd4 e5 14. Qxb4 Rb8 15.
Qc3 Qb7 16. Nb6 Nxe4 17. Qa5 Bc6 18. Nd5 Nf6 19. c4 Bxd5 20. cxd5 Be7 21. Ba4+
Nd7 22. Bc6 Qc8 23. Qa4 Bf6 24. Ba7 Ke7 25. Bxb8 Nxb8 26. Rac1 Qc7 27. Rc3 Rc8
28. Kh1 Qa7 29. Rb3 Rc7 30. h3 Nd7 31. Bxd7 Rxd7 32. Rc1 Bg5 33. Rc2 1-0

[Event "33. Torneo Internacional La Roda "]
[Site "La Roda ESP"]
[Date "2006.04.13"]
[Round "2.20"]
[White "Garcia Galeote, Lorenzo"]
[Black "Aloma Vidal, Roberto"]
[Result "0-1"]
[WhiteElo "2141"]
[BlackElo "2352"]
[PlyCount "62"]
[EventDate "2006.04.12"]
[EventType "swiss"]
[EventRounds "9"]
[EventCountry "ESP"]
[Source "lmi"]
[SourceDate "2006.04.15"]

1. d4 Nf6 2. c4 e6 3. Nc3 Bb4 4. a3 Bxc3+ 5. bxc3 c5 6. e3 O-O 7. Bd3 Nc6 8.
Ne2 e5 9. e4 cxd4 10. cxd4 exd4 11. O-O d6 12. Rb1 Qe7 13. f3 Nd7 14. Bb2 Qg5
15. Kh1 Qc5 16. Qd2 Nde5 17. Rfc1 Be6 18. Rc2 Bxc4 19. Bxc4 Nxc4 20. Qd3 b5 21.
Nxd4 Nxd4 22. Bxd4 Qxa3 23. Rc3 Qa5 24. f4 a6 25. Bxg7 Kxg7 26. Qd4+ f6 27.
Rg3+ Kh8 28. Rg5 Qd2 29. Qa1 Qxf4 30. Rf5 Qxe4 31. Rbf1 Ne3 0-1

[Event "33. Torneo Internacional La Roda "]
[Site "La Roda ESP"]
[Date "2006.04.13"]
[Round "3.1"]
[White "Garcia Fernandez, Carlos"]
[Black "Mirzoev, Azer"]
[Result "0-1"]
[WhiteElo "2359"]
[BlackElo "2532"]
[PlyCount "120"]
[EventDate "2006.04.12"]
[EventType "swiss"]
[EventRounds "9"]
[EventCountry "ESP"]
[Source "lmi"]
[SourceDate "2006.04.15"]

1. e4 c5 2. Nf3 Nc6 3. c3 d5 4. exd5 Qxd5 5. d4 e6 6. Be2 cxd4 7. cxd4 Nf6 8.
O-O Be7 9. Nc3 Qd6 10. Bg5 O-O 11. Rc1 Nd5 12. Ne4 Qb4 13. Qc2 h6 14. a3 Qb6
15. Bxe7 Ndxe7 16. Rfd1 Rd8 17. Nc5 Nf5 18. Qc3 Nce7 19. Bd3 Qd6 20. Be4 Nd5
21. Qe1 Nfe7 22. Bb1 b6 23. Ne4 Qb8 24. Ne5 Bb7 25. g3 Nf5 26. Nc3 Nde7 27. Nb5
Nd5 28. Bxf5 exf5 29. Nc6 Bxc6 30. Rxc6 f4 31. Qe4 fxg3 32. hxg3 a6 33. Nc3 Nf6
34. Qf3 Ra7 35. d5 Re7 36. Kg2 Nd7 37. d6 Re6 38. Rc7 Ne5 39. Qb7 Qxb7+ 40.
Rxb7 Rdxd6 41. Rxd6 Rxd6 42. Na4 b5 43. Nc5 Ng4 44. Rd7 Rf6 45. Rd2 g6 46. a4
Kg7 47. axb5 axb5 48. b3 Rf5 49. Ne4 h5 50. Nc3 Nf6 51. b4 g5 52. Rd6 Ng4 53.
Rd2 Kg6 54. Rd6+ f6 55. Ne4 Re5 56. f3 Ne3+ 57. Kf2 Nd5 58. Rc6 g4 59. Rd6 Rf5
60. f4 Nxb4 0-1

[Event "33. Torneo Internacional La Roda "]
[Site "La Roda ESP"]
[Date "2006.04.13"]
[Round "3.2"]
[White "Krivoshey, Sergei"]
[Black "Antoli Royo, Joaquin Miguel"]
[Result "1-0"]
[WhiteElo "2531"]
[BlackElo "2352"]
[PlyCount "35"]
[EventDate "2006.04.12"]
[EventType "swiss"]
[EventRounds "9"]
[EventCountry "ESP"]
[Source "lmi"]
[SourceDate "2006.04.15"]

1. d4 Nf6 2. c4 g6 3. Nc3 d5 4. Bg5 Ne4 5. Bh4 Nxc3 6. bxc3 dxc4 7. e3 Be6 8.
Rb1 c6 9. Rxb7 Qa5 10. Rb4 Qxa2 11. Nf3 Qa3 12. Qc2 a5 13. Rb1 Qb3 14. Qc1 Qa4
15. Be2 c5 16. Bd1 Qd7 17. Ne5 Qa7 18. Rxb8+ 1-0

[Event "33. Torneo Internacional La Roda "]
[Site "La Roda ESP"]
[Date "2006.04.13"]
[Round "3.3"]
[White "Suba, Mihai"]
[Black "Ibañez Aullana, Jose Ramon"]
[Result "1/2-1/2"]
[WhiteElo "2527"]
[BlackElo "2335"]
[PlyCount "90"]
[EventDate "2006.04.12"]
[EventType "swiss"]
[EventRounds "9"]
[EventCountry "ESP"]
[Source "lmi"]
[SourceDate "2006.04.15"]

1. Nf3 d5 2. c4 e6 3. g3 Nf6 4. Bg2 c5 5. cxd5 exd5 6. O-O Nc6 7. d4 cxd4 8.
Nxd4 Qb6 9. Nb3 Be6 10. Be3 Qd8 11. Nc3 Bb4 12. Bc5 Bxc5 13. Nxc5 Qe7 14. Nxe6
fxe6 15. e4 d4 16. e5 dxc3 17. exf6 Qxf6 18. bxc3 Qxc3 19. Rc1 Qf6 20. Bxc6+
bxc6 21. Qd6 e5 22. Qxc6+ Qxc6 23. Rxc6 Kd7 24. Ra6 Rhe8 25. Rb1 Kc7 26. Ra3
Re6 27. Rb5 Kc6 28. Rba5 Re7 29. Rc3+ Kb6 30. Raa3 a6 31. Rab3+ Ka7 32. Rc6 Rb7
33. Rxa6+ Kxa6 34. Ra3+ Kb5 35. Rxa8 Kc4 36. Ra3 e4 37. Kg2 g5 38. g4 Rd7 39.
Ra4+ Kd3 40. Ra5 h6 41. Ra6 Rf7 42. h3 Ke2 43. Rxh6 Rxf2+ 44. Kg1 e3 45. a4 Ke1
1/2-1/2

[Event "33. Torneo Internacional La Roda "]
[Site "La Roda ESP"]
[Date "2006.04.13"]
[Round "3.4"]
[White "Aloma Vidal, Roberto"]
[Black "Cicak, Slavko"]
[Result "0-1"]
[WhiteElo "2352"]
[BlackElo "2506"]
[PlyCount "68"]
[EventDate "2006.04.12"]
[EventType "swiss"]
[EventRounds "9"]
[EventCountry "ESP"]
[Source "lmi"]
[SourceDate "2006.04.15"]

1. d4 g6 2. c4 Bg7 3. Nc3 Nf6 4. e4 O-O 5. f4 d6 6. Nf3 c5 7. d5 a6 8. e5 dxe5
9. fxe5 Ng4 10. Qe2 Nd7 11. e6 Nde5 12. Nxe5 Nxe5 13. Bg5 b5 14. Qe4 Qd6 15.
Qh4 f6 16. Be3 bxc4 17. O-O-O Rb8 18. h3 Rb4 19. Qf2 Qb6 20. Rd2 Qa5 21. Bxc5
Rb7 22. Be3 f5 23. Bd4 f4 24. h4 Ng4 25. Qe2 Rxb2 26. Bxg7 Kxg7 27. Rxb2 Qxc3+
28. Kb1 Ne3 29. Rh3 Qd4 30. Rb4 Qe4+ 31. Kc1 Qe5 32. Kb1 c3 33. Rc4 Bb7 34. d6
c2+ 0-1

[Event "33. Torneo Internacional La Roda "]
[Site "La Roda ESP"]
[Date "2006.04.13"]
[Round "3.5"]
[White "Clement Gomez, Jose A"]
[Black "Castellanos, Renier"]
[Result "0-1"]
[WhiteElo "2339"]
[BlackElo "2467"]
[PlyCount "50"]
[EventDate "2006.04.12"]
[EventType "swiss"]
[EventRounds "9"]
[EventCountry "ESP"]
[Source "lmi"]
[SourceDate "2006.04.15"]

1. c4 e5 2. g3 Nc6 3. Bg2 Bc5 4. Nc3 a6 5. Nf3 d6 6. O-O Nf6 7. d3 h6 8. Nd5
O-O 9. Nxf6+ Qxf6 10. Nd2 Ba7 11. Ne4 Qd8 12. Nc3 Rb8 13. Rb1 Ne7 14. a4 a5 15.
b4 axb4 16. Rxb4 c6 17. e4 f5 18. Be3 Bc5 19. Rb3 f4 20. Bd2 Be6 21. Qe2 Qd7
22. gxf4 exf4 23. Kh1 Ng6 24. f3 Ne5 25. Qd1 Nxd3 0-1

[Event "33. Torneo Internacional La Roda "]
[Site "La Roda ESP"]
[Date "2006.04.13"]
[Round "3.6"]
[White "Saldaño, Horacio"]
[Black "Longa, Javier"]
[Result "1/2-1/2"]
[WhiteElo "2440"]
[BlackElo "2327"]
[PlyCount "86"]
[EventDate "2006.04.12"]
[EventType "swiss"]
[EventRounds "9"]
[EventCountry "ESP"]
[Source "lmi"]
[SourceDate "2006.04.15"]

1. d4 Nf6 2. Nf3 d5 3. c4 c6 4. Nc3 g6 5. cxd5 cxd5 6. g3 Bg7 7. Bg2 O-O 8. O-O
Nc6 9. Ne5 Be6 10. Nxc6 bxc6 11. Na4 Ne4 12. Be3 Qa5 13. Rc1 Rab8 14. b3 Bd7
15. Bf4 Rbd8 16. Qd3 f5 17. f3 Nd6 18. Be5 Bxe5 19. dxe5 Nb7 20. f4 e6 21. Qc3
Qb5 22. e3 Rc8 23. Nc5 Nxc5 24. Qxc5 Qxc5 25. Rxc5 Ra8 26. Ra5 Rfb8 27. Rc1 Kf8
28. Rc3 Rb5 29. Ra6 Rb6 30. Bf1 Rxa6 31. Bxa6 Rb8 32. Kf2 Ke7 33. Rc5 Kd8 34.
Ra5 Kc7 35. Bd3 Kb6 36. b4 Bc8 37. a3 Bb7 38. h3 Rc8 39. g4 a6 40. Rc5 Ra8 41.
Ra5 Rc8 42. Rc5 Ra8 43. Ra5 Rc8 1/2-1/2

[Event "33. Torneo Internacional La Roda "]
[Site "La Roda ESP"]
[Date "2006.04.13"]
[Round "3.7"]
[White "Almagro Mazariegos, Sebastian"]
[Black "Minzer, Claudio Javier"]
[Result "1/2-1/2"]
[WhiteElo "2311"]
[BlackElo "2432"]
[PlyCount "26"]
[EventDate "2006.04.12"]
[EventType "swiss"]
[EventRounds "9"]
[EventCountry "ESP"]
[Source "lmi"]
[SourceDate "2006.04.15"]

1. e4 e6 2. d4 d5 3. Nc3 Bb4 4. e5 c5 5. a3 Bxc3+ 6. bxc3 Qa5 7. Bd2 Qa4 8. Qb1
c4 9. Ne2 Ne7 10. Ng3 Nd7 11. Nh5 O-O 12. Be2 f6 13. exf6 Nxf6 1/2-1/2

[Event "33. Torneo Internacional La Roda "]
[Site "La Roda ESP"]
[Date "2006.04.13"]
[Round "3.8"]
[White "Bertona, Fernando"]
[Black "Garcia Castro, Pablo"]
[Result "1/2-1/2"]
[WhiteElo "2432"]
[BlackElo "2309"]
[PlyCount "92"]
[EventDate "2006.04.12"]
[EventType "swiss"]
[EventRounds "9"]
[EventCountry "ESP"]
[Source "lmi"]
[SourceDate "2006.04.15"]

1. e4 d6 2. d4 Nf6 3. Bd3 e5 4. c3 Nc6 5. Nf3 g6 6. O-O Bg7 7. Re1 O-O 8. h3
Kh8 9. Na3 Ng8 10. Bg5 f6 11. Bh4 a6 12. dxe5 dxe5 13. Qe2 Qe8 14. Nc4 Nd8 15.
Bg3 Ne7 16. Ne3 g5 17. Nd5 Ne6 18. Nxe7 Qxe7 19. Rad1 b5 20. Bc2 c5 21. Rd2 Rg8
22. Nh2 Bf8 23. Ng4 Nf4 24. Qd1 Be6 25. Ne3 Qf7 26. Nf5 c4 27. Qf3 h5 28. Bxf4
gxf4 29. Kh2 Rg5 30. Red1 Be7 31. Rg1 Bc5 32. Qd1 Rf8 33. b3 Qb7 34. Rd8 Bxf5
35. Rxf8+ Bxf8 36. exf5 e4 37. Qd8 Qe7 38. Qxe7 Bxe7 39. Bxe4 Bd6 40. h4 Rg7
41. Rd1 Be5 42. Rd8+ Kh7 43. bxc4 bxc4 44. Bf3 Rc7 45. Bxh5 Bxc3 46. Be8 Be1
1/2-1/2

[Event "33. Torneo Internacional La Roda "]
[Site "La Roda ESP"]
[Date "2006.04.13"]
[Round "3.9"]
[White "Hernandez, Ivan"]
[Black "Zambrana, Oswaldo"]
[Result "1-0"]
[WhiteElo "2291"]
[BlackElo "2425"]
[PlyCount "51"]
[EventDate "2006.04.12"]
[EventType "swiss"]
[EventRounds "9"]
[EventCountry "ESP"]
[Source "lmi"]
[SourceDate "2006.04.15"]

1. d4 d5 2. c4 dxc4 3. Nf3 Nf6 4. Nc3 a6 5. e4 b5 6. e5 Nd5 7. a4 e6 8. axb5
Nb6 9. Be3 Bb7 10. bxa6 Rxa6 11. Rxa6 Bxa6 12. Ng5 Be7 13. h4 Qd7 14. Qg4 h5
15. Qf3 f6 16. exf6 gxf6 17. Nge4 Kf7 18. Be2 Nd5 19. Rh3 Nxe3 20. fxe3 Qc6 21.
Rg3 Bc8 22. Rg5 Qe8 23. Rxh5 Qg8 24. Bxc4 c6 25. Rxh8 Qxh8 26. Qf4 1-0